1970s Directors by Movies - Statistics

General Stats
  • This quiz has been taken 146 times
  • The average score is 10 of 15
Answer Stats
Movies Directors % Correct
Duel, The Sugarland Express, Jaws, Close Encounters of the Third Kind, 1941 Steven Spielberg
95%
THX 1138, American Graffiti, Star Wars: Episode IV: A New Hope George Lucas
94%
The Godfather, The Conversation, The Godfather Part II, Apocalypse Now Francis Ford Coppola
93%
Boxcar Bertha, Mean Streets, Alice Doesn't Live Here Anymore, Taxi Driver, New York, New York Martin Scorsese
92%
A Clockwork Orange, Barry Lyndon Stanley Kubrick
90%
Bananas, Everything You Always Wanted to Know About Sex* (*But Were Afraid to Ask), Sleeper, Love and Death, Annie Hall, Interiors, Manhattan Woody Allen
88%
The Duelists, Alien Ridley Scott
82%
Macbeth, What?, Chinatown, The Tenant, Tess Roman Polanski
73%
The Twelve Chairs, Blazing Saddles, Young Frankenstein, Silent Movie, High Anxiety Mel Brooks
68%
Play Mistry For Me, High Plains Drifter, Breezy, The Eiger Sanction, The Outlaw Josey Wales, The Gauntlet Clint Eastwood
59%
Frenzy, Family Plot Alfred Hitchcock
51%
Last of the Mobile Hot Shots, The Anderson Tapes, Child's Play, The Offence, Serpico, Lovin' Molly, Murder on the Orient Express, Dog Day Afternoon, Network, Equus, The Wiz Sidney Lumet
45%
The Last Picture Show, What's Up, Doc?, Paper Moon, Daisy Miller, At Long Last Love, Nickelodeon, Saint Jack Peter Bogdanovich
33%
Lola, The Omen, Superman: The Movie Richard Donner
33%
The Andromeda Strain, Two People, The Hindenburg, Audrey Rose, Star Trek: The Motion Picture Robert Wise
22%
No matching quizzes found
Score Distribution
Percent of People with Each Score
Percentile by Number Answered
Your Score History
You have not taken this quiz